Fast Typing to 100 - Hexadecimal - Statistics

General Stats
  • This quiz has been taken 99 times
  • The average score is 103 of 256
Answer Stats
Answer % Correct
1
100%
2
100%
3
100%
4
100%
5
100%
6
100%
7
100%
8
100%
9
100%
A
81%
B
79%
C
79%
D
79%
E
79%
F
79%
10
66%
11
66%
12
66%
13
66%
14
66%
15
66%
16
66%
17
66%
18
66%
19
66%
1A
62%
1B
62%
1C
62%
1D
62%
1E
62%
1F
62%
20
62%
21
60%
22
60%
23
60%
24
60%
25
60%
26
58%
27
58%
28
58%
29
58%
2A
58%
2B
58%
2C
58%
2D
58%
2E
58%
2F
57%
30
55%
31
55%
32
55%
33
55%
34
55%
35
55%
36
55%
37
55%
38
55%
39
55%
3A
55%
3B
55%
3C
55%
3D
55%
3E
55%
3F
55%
40
53%
41
53%
42
53%
43
53%
44
53%
45
53%
46
53%
47
53%
48
53%
49
53%
4A
49%
4B
49%
4C
49%
4D
49%
4E
49%
4F
49%
50
47%
51
47%
52
47%
53
47%
54
47%
55
47%
56
47%
57
47%
58
47%
59
47%
5A
47%
5B
47%
5C
47%
5D
47%
5E
47%
5F
47%
60
47%
61
47%
62
47%
63
47%
64
47%
65
47%
66
47%
67
47%
68
47%
69
47%
6A
47%
6B
47%
6C
47%
6D
47%
6E
47%
6F
47%
70
47%
71
45%
72
45%
73
45%
74
45%
75
45%
76
45%
77
45%
78
45%
79
45%
7A
45%
7B
45%
7C
45%
7D
45%
7E
45%
7F
45%
80
45%
81
45%
82
45%
83
45%
84
43%
85
43%
86
43%
87
43%
88
43%
89
43%
8A
42%
8B
42%
8C
42%
8D
42%
8E
42%
8F
42%
90
42%
91
42%
92
42%
93
42%
94
42%
95
42%
96
42%
97
40%
98
38%
99
38%
9A
38%
9B
38%
9C
38%
9D
38%
9E
38%
9F
38%
A0
30%
A1
28%
A2
25%
A3
25%
A4
25%
A5
25%
A6
25%
A7
25%
A8
25%
A9
25%
AA
23%
AB
23%
AC
23%
AD
23%
AE
23%
AF
23%
B0
21%
B1
21%
B2
21%
B3
21%
B4
21%
B5
21%
B6
21%
B7
21%
B8
21%
B9
21%
BA
21%
BB
21%
BC
21%
BD
21%
BE
21%
BF
21%
C0
21%
C1
21%
C2
21%
C3
21%
C4
21%
C5
21%
C6
21%
C7
21%
C8
17%
C9
17%
CA
17%
CB
17%
CC
17%
CD
17%
CE
17%
CF
17%
D0
17%
D1
17%
D2
17%
D3
17%
D4
17%
D5
17%
D6
17%
D7
17%
D8
17%
D9
17%
DB
17%
DA
17%
DC
15%
DD
15%
DE
15%
DF
15%
E0
15%
E1
15%
E2
15%
E3
15%
E4
15%
E5
15%
E6
15%
E7
15%
E8
13%
E9
13%
EA
13%
100
11%
EB
11%
EC
11%
ED
11%
EE
11%
EF
11%
F0
11%
F1
11%
F2
11%
F3
11%
F4
11%
F5
11%
F6
11%
F7
11%
F8
11%
F9
11%
FA
11%
FB
11%
FC
11%
FD
9%
FE
9%
FF
9%
No matching quizzes found
Score Distribution
Percent of People with Each Score
Percentile by Number Answered
Your Score History
You have not taken this quiz